000 00923nas a2200313 4500
001 BR0901219
003 BR-BrBNA
005 20231205113158.0
007 ta
008 230509b bl.|||p| |||| 00| 00por d
040 _aBR-BrBNA
_bpor
_cBiblioteca Nacional de Agricultura
041 _a(Pt)
072 _aJ11
100 1 _aBlum, L.E.B.
100 1 _aAmarante, C.V.T. do
100 1 _aDezanet, A.
100 1 _aLima, E.B. de
100 1 _aHack Neto, P.
100 1 _aÁvila, R.D.
100 1 _aSiega, V.
245 1 _aFosfito aplicados em pós-colheita reduzem o mofo-azul em maçãs "fuji e gala'
650 _aMAÇA
650 _aPÓS-COLHEITA
650 _aPODRIDÃO MOLE
650 _aPENICILLIUM EXPANSUM
773 0 _tRevista Brasileira de Fruticultura (Brazil)
_xISSN 0100-2945
_g(Aug 2007), v. 29(2) p. 265-268
_wBR0901219
909 _a202311
_bLúcia
_c55
_dLúcia Elande
942 _2AGRIS
_n0
_cANA
999 _c202311
_d202311